Comunicación social 7 : desarrollo tecnológico vol. 1.
محفوظ في:
| مؤلف مشترك: | |
|---|---|
| التنسيق: | كتاب |
| اللغة: | الإسبانية |
| سلاسل: | (Comunicación social ;
no. 7) |
| الموضوعات: | |
| الوسوم: |
لا توجد وسوم, كن أول من يضع وسما على هذه التسجيلة!
|
MARC
| LEADER | 00000cam^a2200000uu^4500 | ||
|---|---|---|---|
| 001 | 000468956 | ||
| 005 | 20250521000000.0 | ||
| 008 | 050901s1983^^^^^^^^^^^^rd^r^^000^0^spa^d | ||
| 009 | 20260310124524.743 | ||
| 022 | |a 9688051780 | ||
| 035 | |a FCE 000011702 | ||
| 035 | |a FCE 007880 | ||
| 037 | |a Acervo ITESO - Biblioteca | ||
| 041 | |a spa | ||
| 082 | 0 | 4 | |a 302.23 |b FCPCS 7 |
| 110 | |a Universidad Nacional Autónoma de México, |b Facultad de Ciencias (PFCPCS) | ||
| 245 | 1 | 0 | |a Comunicación social 7 : |b desarrollo tecnológico vol. 1. |
| 264 | |a México : |b FCPCS, |c 1983. | ||
| 300 | |a 294 p. | ||
| 336 | |a texto |b txt |2 rdacontenido | ||
| 337 | |a sin mediación |b n |2 rdamedio | ||
| 338 | |a volumen |b nc |2 rdasoporte | ||
| 440 | 0 | |a (Comunicación social ; |v no. 7) | |
| 649 | |a XX | ||
| 650 | |a Comunicación social | ||
| 650 | |a Televisión educativa | ||
| 650 | |a Radio educativa | ||
| 650 | |a Tecnología | ||
| 650 | |a Desarrollo tecnológico | ||
| 650 | |a Cine | ||
| 650 | |a Radiodifusión | ||
| 910 | |a Fondo Centro de Estudios Educativos | ||
| 920 | |a Impresos - Libros | ||
| 930 | |a Fondos Especiales | ||
| 905 | |a 133 | ||
| 901 | |a ALE007880 |b IT2 |c CEE |u 20250521 | ||
| 902 | |a https://opac.biblio.iteso.mx/vufind/Record/000468956 | ||